1085 1728 1315 1257 1146 1525 1093 1010 1937 1654 1418 1388 1233 1819 1728 1017 1635 1300 1830 1624 1666 1368 1712 1570 1253 1933 1700 1874 1880 1368 1733 1420 1130 1318 1278 1936 1091 1704 1683 1452 1498 1608 1705 1132 1173 1190 1887 1274 1331 1977 1535 1554 1216 1430 1533 1835 1265 1229 1924 1554 1862 1003 1355 1765 1871 1296 1654 1031 1109 1769 1342 1673 1046 1578 1262 1066 1876 1872 1348 1918 1377 1623 1065 1901 1116 1816 1273 1066 1389 1288 1776 1776 1425 1883 1283 1992 1014 1691 1269 BCNSPRNW ULIB Ver.6.0+V

เปลี่ยนเป็นภาษาไทย

Change to English
 แสดงรายละเอียดบรรณานุกรม
  กลับหน้าหลัก

Brief Record : Get Marc (ISO 2709) : E-mail record : QR code < ปิดหน้าต่าง
LEADER : 00000nam 2200000uu 4500
001    13399129086
003     ULIB
008    250716s2564||||th 000 0 tha d
020    ^a9786161842444
060    ^aWT155^bบ74อ
100 1  ^aเบรเดเซน, เดล อี.
245 1  ^aอวสานอัลไซเมอร์ /^cเดล อี. เบรเดเซน เขียน ; นที สาครยุทธเดช แปล.
246 3   ^aThe end of alzheimer s
250    ^aพิมพ์ครั้งที่ 1.
250    ^aพิมพ์ครั้งที่ 2.
260    ^aกรุงเทพฯ :^bAmarin Health,^c2564
260    ^aกรุงเทพฯ :^bอมรินทร์เฮลท์ อมรินทร์พริ้นติ้ง แอนด์ พับลิชชิ่ง,^c2565
260    ^aกรุงเทพฯ :^bอมรินทร์เฮลท์,^c2564.
300    ^a311 หน้า :^bภาพประกอบ.
490 1  ^aชุดชีวิตและสุขภาพ ;^vลำดับที่ 281
505 0  ^aแก้ปัญหาอัลไซเมอร์ -- ทำลายอัลไซเมอร์ -- การประเมินและการรักษารายบุคคล -- ทำให้เสร็จสูงสุด
505 0  ^aตอนที่ 1 แก้ปัญหาอัลไซเมอร์ -- บทที่ 1 สมองเสื่อมตัวก่อกวน -- บทที่ 2 ผู้ป่วยรายที่ศูนย์ -- บทที่ 3 รู้สึกอย่างไรเมื่อหายจากสมองเสื่อม -- บทที่ 4 ทำอย่างไรให้ตัวเองเป็นอัลไซเมอร์ : จุดเริ่มต้น -- ตอนที่ 2 ทำลายอัลไซเมอร์ -- บทที่ 5 จุดจบของสติปัญญา : จากผู้ป่วยสู่ห้องทดลองสู่ผู้ป่วย -- บทที่ 6 ยีนเทพและโรคอัลไซเมอร์สามแบบ -- ตอนที่ 3 การประเมินและการรักษารายบุคคล -- บทที่ 7 ค็อกโนสโกปี คุณอยู่ตรงไหนแล้ว -- บทที่ 8 รีโค้ด : ฟื้นคืนความเสื่อมทางสติปัญญา -- บทที่ 9 ความสำเร็จและเครือข่ายทางสังคม : กิจวัตรประจำวันของคนสองคน -- ตอนที่ 4 ทำให้สำเร็จสูงสุด -- บทที่ 10 รวมทุกอย่างเข้าด้วยกัน : คุณทำได้ -- บทที่ 11 วิธีทดแทนและไม้ค้ำยัน เพราะนี่ไม่ใช่เรื่องง่าย -- บทที่ 12 การต่อต้านการเปลี่ยนแปลง : มาเคียเวลลีพบเฟย์นแมน.
505 0  ^aสมองเสื่อมตัวก่อกวน -- ผู้ป่วยรายที่ศูนย์ -- รู้สึกอย่างไรเมื่อหายจากสมองเสื่อม -- ทำอย่างไรให้ตัวเองเป็นอัลไซเมอร์ : จุดเริ่มต้น -- จุดจบของสติปัญญา : จากผู้ป่วยสู่ห้องทดลองสู่ผู้ป่วย -- ยีนเทพและโรคอัลไซเมอร์สามแบบ -- ค็อกโนสโกปี คุณอยู่ตรงไหนแล้ว -- รีโค้ด : ฟื้นคืนความเสื่อมของสติปัญญา -- ความสำเร็จและเครือข่ายสังคม : กิจวัตรประจำวันของคนสองคน -- รวมทุกอย่างเข้าด้วยกัน คุณทำได้ -- วิธีทดแทนและไม้ค้ำยัน เพราะนี่ไม่ใช่เรื่องง่าย -- การต่อต้านการเปลี่ยนแปลง : มาเคียเวลลีพบเฟย์นแมน
505 2  ^aสมองเสื่อมตัวก่อกวน -- ผู้ป่วยรายที่ศูนย์ -- รู้สึกอย่างไรเมื่อหายจากสมองเสื่อม -- จุดจบของสติปัญญา -- ยีนเทพและโรคอัลไซเมอร์สามแบบ -- ค็อกโนสโกปี คุณอยู่ตรงไหนแล้ว -- รีโค้ด : ฟื้นคืนความเสื่อมของสติปัญญา -- ความสำเร็จและเครือข่ายสังคม : กิจวัตรประจำวันของคนสองคน -- รวมทุกอย่างเข้าด้วยกัน คุณทำได้ -- วิธีทดแทนและไม้ค้ำยัน เพราะนี่ไม่ใช่เรื่องง่าย -- การต่อต้านการเปลี่ยนแปลง มาเคียเวลลีพบเฟย์นแมน
505 2  ^a^tสมองเสื่อมตัวก่อกวน --^tผู้ป่วยรายที่ศูนย์ --^tรู้สึกอย่างไรเมื่อหายจากสมองเสื่อม --^tจุดจบของสติปัญญา --^tยีนเทพและโรคอัลไซเมอร์สามแบบ --^tค็อกโนสโกปี คุณอยู่ตรงไหนแล้ว --^tรีโค้ด : ฟื้นคืนความเสื่อมของสติปัญญา --^tความสำเร็จและเครือข่ายสังคม : กิจวัตรประจำวันของคนสองคน --^tรวมทุกอย่างเข้าด้วยกัน คุณทำได้ --^tวิธีทดแทนและไม้ค้ำยัน เพราะนี่ไม่ใช่เรื่องง่าย --^tการต่อต้านการเปลี่ยนแปลง มาเคียเวลลีพบเฟย์นแมน
650  4 ^aความผิดปกติด้านการรู้คิด^xการป้องกันและควบคุม
650  4 ^aความผิดปกติด้านการรู้คิด^xการป้องกันและควบคุม.^6880-07
650  4 ^aจิตวิทยาการรู้คิด
650  4 ^aจิตวิทยาการรู้คิด.^6880-08
650  4 ^aผู้สูงอายุ
650  4 ^aภาวะสมองเสื่อม.
650  4 ^aโรคสมองเสื่อม
650  4 ^aโรคอัลไซเมอร์.
650  4 ^aโรคอัลไซเมอร์^xการป้องกันและควบคุม.
650  4 ^aโรคอัลไซเมอร์^xการรักษา
650  4 ^aโรคอัลไซเมอร์^xการรักษา.^6880-05
650  4 ^aโรคอัลไซเมอร์^xจิตวิทยา
650  4 ^aโรคอัลไซเมอร์^xจิตวิทยา.^6880-06
650  4 ^aสมอง.
650  4 ^aสมอง^xการป้องกันโรค
650  4 ^aสมอง^xโรค.
650  7 ^aภาวะสมองเสื่อม^2tshd
650  7 ^aโรคอัลไซเมอร์^2tshd
650  7 ^aโรคอัลไซเมอร์^xการป้องกัน
650  7 ^aโรคอัลไซเมอร์^xผู้ป่วย^xการดูแล
650  7 ^aสมอง^xโรค^2tshd
700 0  ^aนที สาครยุทธเดช.^6880-09
945    ^p325^l0^i011813
999    ^aประนอม เกษจรัล
รายการนี้ยังไม่มีแท็ก
คุณยังไม่ได้ล็อกอิน คุณสามารถมีกิจกรรมร่วมกับเว็บไซต์ได้ แต่ต้องล็อกอินก่อน ::
  ล็อกอิน

รายการสื่อสารสนเทศ

ลำดับที่ ประเภท เลขเรียก/บาร์โค้ด สถานที่ สถานะ
1. วิทยาศาสตร์การแพทย์ และสุขภาพ
หนังสือสำรอง
สถานะ=หนังสือสำรอง
WT155 บ74อ ฉ.1 
  Barcode: 011813
ห้องสมุดวิทยาเขตสวรรค์ประชารักษ์
►หนังสือทั่วไป
บนชั้น

รายการใกล้เคียง
    หัวเรื่อง [จิตวิทยาการรู้คิด]
    หัวเรื่อง [ผู้สูงอายุ]
    หัวเรื่อง [โรคสมองเสื่อม]
    หัวเรื่อง [โรคอัลไซเมอร์.]
    หัวเรื่อง [สมอง.]
    หัวเรื่อง [สมอง โรค.]

BibComment


ยังไม่เคยถูกคอมเมนท์

คอมเมนท์ทรัพยากรรายการนี้
  คอมเมนท์: อวสานอัลไซเมอร์ ..


 Copyright 2026. Bcnsprnw @Library